书目信息 |
| 题名: |
名嘴开口
|
|
| 作者: | 蓝石 著 | |
| 分册: | ||
| 出版信息: | 北京 当代世界出版社 2002 |
|
| 页数: | 304页 | |
| 开本: | 21cm | |
| 丛书名: | ||
| 单 册: | ||
| 中图分类: | K825.42=76 , K825.42 | |
| 科图分类: | ||
| 主题词: | 电视节目--主持人--生平事迹--中国--现代 , 电视节目 , 主持人 | |
| 电子资源: | ||
| ISBN: | 7-80115-499-1 | |
| 000 | 00885nam0 2200265 450 | |
| 001 | 1556417099 | |
| 005 | 20150123201352.25 | |
| 010 | @a7-80115-499-1@dCNY20.00 | |
| 100 | @a20020405d2002 em y0chiy0110 ea | |
| 101 | 0 | @achi |
| 102 | @aCN@b110000 | |
| 105 | @aa z 000yc | |
| 200 | 1 | @a名嘴开口@9ming zui kai kou@e与著名节目主持人聊天@f蓝石著 |
| 210 | @a北京@c当代世界出版社@d2002 | |
| 215 | @a304页@c照片@d21cm | |
| 314 | @a蓝石(1965?~),生于沈阳,著有《名嘴开口——与著名节目主持人聊天》。 | |
| 330 | @a本书是对李咏、王小丫、撒贝宁、倪萍、李瑞英、水均益、王刚、张路、沈冰、张泉灵、王志、曲向东等22位著名节目主持人的访谈。 | |
| 606 | 0 | @a电视节目@x主持人@x生平事迹@y中国@z现代 |
| 606 | 0 | @a电视节目 |
| 606 | 0 | @a主持人 |
| 690 | @aK825.42=76@v5 | |
| 690 | @aK825.42@v4 | |
| 701 | 0 | @a蓝石@9lan shi@4著 |
| 801 | 0 | @aCN@bTSSF@c20150123 |
| 905 | @aZUCC@dK825.42@eJY136 | |
| 名嘴开口:与著名节目主持人聊天/蓝石著.-北京:当代世界出版社,2002 |
| 304页:照片;21cm |
| ISBN 7-80115-499-1:CNY20.00 |
| 本书是对李咏、王小丫、撒贝宁、倪萍、李瑞英、水均益、王刚、张路、沈冰、张泉灵、王志、曲向东等22位著名节目主持人的访谈。 |
| ● |
| 相关链接 |
|
|
|
|
正题名:名嘴开口
索取号:K825.42/JY136
 
预约/预借
| 序号 | 登录号 | 条形码 | 馆藏地/架位号 | 状态 | 备注 |
| 1 | 7836528 | 278365289 | 学院路分馆/ [索取号:K825.42/JY136] | 在馆 | |
| 2 | 7849333 | 278493337 | 学院路分馆/ [索取号:K825.42/JY136] | 在馆 | |
| 3 | 7856138 | 278561389 | 学院路分馆/ [索取号:K825.42/JY136] | 在馆 | |
| 4 | 7856139 | 278561398 | 学院路分馆/ [索取号:K825.42/JY136] | 在馆 |